000 00523nam a2200181 4500
003 DO-SdBNP
005 20171124111855.0
008 171121985 cu 00| 0 spa d
040 _aDO-SdBNP
_bspa
_cDO-SdBNP
082 _axxx
_bxxxx
100 _aLópez, Frenando
245 _aArde aún sobre los años /
_cFernando López
260 _aLa Habana :
_bCasa de las Américas,
_c1985
300 _a264 p. ;
_c20 cm.
942 _2ddc
_cBK
945 _aInventariado extranjero / 2017 VM
956 _aVMATEO
_b10
_c20171124
_dBPMSU
_f0069
999 _c13081
_d13081